000 01330nam a2200301Ia 4500
005 20230412064631.0
008 130821s2010 mx ao gr spa
020 _a9786074812701 (9a.Ed.)
040 _aCO-BoUCM
_bspa
_cDeissy Garcia (modificó)
_dAldemar Mondragón (modificó)
041 0 0 _aspa
100 1 _aGriffin, Ricky W.
_933443
245 1 0 _aComportamiento organizacional gestión de personas y organizaciones
_cRicky W. Griffin y Gregory Moorhead ; traducción Magda Elizabeth Treviño Rosales
250 _a9a.Ed.
260 _aMéxico D.F. (México)
_bCengage Learning
_c2010
300 _a xxvi, 581 páginas
_bilustraciones, fotografías, gráficos, tablas
500 _aBibliografía Básica - Escuela de Administración - Especialización en Gestión Humana
504 _aIncluye referencias bibliográficas e índices y glosario
650 7 _aAdministración de empresas
_9435
650 7 _aAdministración de personal
_98562
650 7 _aComportamiento organizacional
_911292
650 7 _aCultura corporativa
_912394
690 _aAdministración de empresas
_9435
700 1 _aMoorhead, Gregory
_935667
700 1 _aTreviño Rosales, Magda Elizabeth
_935668
765 _tOrganizational behavior
942 _cLIBRO
_a16
_e9
_mG851c
_2DEWEY
_h658.314
_n0
999 _c41254
_d41254